[Event "45th FIDE Chess Olympiad Open"]
[Site "Budapest, Hungary"]
[Date "2024.09.20"]
[Round "9"]
[White "Heimisson, Hilmir Freyr"]
[Black "Harper, Ryan"]
[Result "0-1"]
[Board "155"]
[WhiteFideId "2309998"]
[BlackFideId "7700156"]
[WhiteTitle "IM"]
[BlackTitle "FM"]
[WhiteElo "2391"]
[BlackElo "2124"]
[WhiteTeam "Iceland"]
[BlackTeam "Trinidad & Tobago"]
[WhiteClock "0:14:07"]
[BlackClock "0:24:41"]
[Variant "Standard"]

1. e4 {[%clk 1:30:50]}  e5 {[%clk 1:30:56]} 2. Nf3 {[%clk 1:30:30]}  Nc6 {[%clk 1:31:20]} 3. Bc4 {[%clk 1:29:00]}  Nf6 {[%clk 1:31:28]} 4. Ng5 {[%clk 1:28:19]}  d5 {[%clk 1:31:37]} 5. exd5 {[%clk 1:28:37]}  Na5 {[%clk 1:32:01]} 6. Bb5+ {[%clk 1:28:51]}  c6 {[%clk 1:32:27]} 7. dxc6 {[%clk 1:28:50]}  bxc6 {[%clk 1:32:53]} 8. Qf3 {[%clk 1:28:38]}  Be7 {[%clk 1:33:18]} 9. Bd3 {[%clk 1:27:37]}  h6 {[%clk 1:29:14]} 10. Ne4 {[%clk 1:27:13]}  Nd5 {[%clk 1:27:28]} 11. Ng3 {[%clk 1:24:42]}  g6 {[%clk 1:24:38]} 12. Nc3 {[%clk 1:19:35]}  f5 {[%clk 1:22:55]} 13. O-O {[%clk 1:17:33]}  O-O {[%clk 1:15:57]} 14. Re1 {[%clk 1:13:07]}  Bf6 {[%clk 1:06:07]} 15. Bf1 {[%clk 1:06:06]}  e4 {[%clk 0:59:45]} 16. Qd1 {[%clk 1:03:42]}  Bd4 {[%clk 1:00:02]} 17. Nxd5 {[%clk 0:54:01]}  cxd5 {[%clk 0:59:37]} 18. Ne2 {[%clk 0:38:59]}  Bxf2+ {[%clk 0:43:22]} 19. Kxf2 {[%clk 0:39:17]}  f4 {[%clk 0:43:50]} 20. Nxf4 {[%clk 0:21:16]}  Rxf4+ {[%clk 0:43:22]} 21. Kg1 {[%clk 0:21:38]}  Bg4 {[%clk 0:18:22]} 22. Be2 {[%clk 0:21:52]}  Qb6+ {[%clk 0:18:40]} 23. Kh1 {[%clk 0:21:49]}  Bxe2 {[%clk 0:18:17]} 24. Qxe2 {[%clk 0:22:08]}  Rf2 {[%clk 0:18:24]} 25. Qd1 {[%clk 0:20:32]}  d4 {[%clk 0:10:54]} 26. b4 {[%clk 0:15:04]}  Nc4 {[%clk 0:06:50]} 27. d3 {[%clk 0:11:30]}  Ne3 {[%clk 0:07:13]} 28. Bxe3 {[%clk 0:11:09]}  dxe3 {[%clk 0:07:38]} 29. Qg4 {[%clk 0:07:46]}  Raf8 {[%clk 0:04:40]} 30. h3 {[%clk 0:00:55]}  R2f4 {[%clk 0:01:08]} 31. Qd7 {[%clk 0:00:41]}  Rf2 {[%clk 0:00:45]} 32. Qd5+ {[%clk 0:00:50]}  Kh7 {[%clk 0:01:03]} 33. Qxe4 {[%clk 0:01:02]}  R8f4 {[%clk 0:00:54]} 34. Qe7+ {[%clk 0:01:02]}  Rf7 {[%clk 0:01:09]} 35. Qe8 {[%clk 0:00:47]}  Rf8 {[%clk 0:00:51]} 36. Qe4 {[%clk 0:01:08]}  R8f4 {[%clk 0:01:16]} 37. Qe7+ {[%clk 0:00:42]}  Rf7 {[%clk 0:01:35]} 38. Qe5 {[%clk 0:00:42]}  R7f5 {[%clk 0:01:15]} 39. Qe8 {[%clk 0:00:56]}  Rf8 {[%clk 0:01:35]} 40. Qd7+ {[%clk 0:00:51]}  R8f7 {[%clk 0:01:42]} 41. Qd5 {[%clk 0:27:55]}  R7f5 {[%clk 0:25:52]} 42. Qc4 {[%clk 0:23:24]}  R5f4 {[%clk 0:25:36]} 43. Qc5 {[%clk 0:13:58]}  Qb7 {[%clk 0:24:29]} 44. Rg1 {[%clk 0:14:07]}  R4f3 {[%clk 0:24:41]} 0-1

[Event "45th FIDE Chess Olympiad Open"]
[Site "Budapest, Hungary"]
[Date "2024.09.20"]
[Round "9"]
[White "Mc Intosh, Isaiah"]
[Black "Gretarsson, Helgi Ass"]
[Result "0-1"]
[Board "156"]
[WhiteFideId "7703791"]
[BlackFideId "2300699"]
[WhiteTitle "FM"]
[BlackTitle "GM"]
[WhiteElo "2249"]
[BlackElo "2450"]
[WhiteTeam "Trinidad & Tobago"]
[BlackTeam "Iceland"]
[WhiteClock "0:01:01"]
[BlackClock "0:02:02"]
[Variant "Standard"]

1. e4 {[%clk 1:30:57]}  d6 {[%clk 1:30:21]} 2. d4 {[%clk 1:31:20]}  Nf6 {[%clk 1:30:46]} 3. Nc3 {[%clk 1:31:45]}  Nbd7 {[%clk 1:29:38]} 4. Nf3 {[%clk 1:31:38]}  e5 {[%clk 1:30:02]} 5. Bc4 {[%clk 1:31:54]}  Be7 {[%clk 1:30:25]} 6. a4 {[%clk 1:25:43]}  c6 {[%clk 1:30:17]} 7. O-O {[%clk 1:25:23]}  Qc7 {[%clk 1:30:29]} 8. Ba2 {[%clk 1:21:03]}  O-O {[%clk 1:15:01]} 9. h3 {[%clk 1:20:19]}  h6 {[%clk 1:09:23]} 10. Re1 {[%clk 1:11:18]}  Re8 {[%clk 1:09:19]} 11. a5 {[%clk 1:00:41]}  Nf8 {[%clk 0:58:37]} 12. Be3 {[%clk 0:44:58]}  Bd7 {[%clk 0:49:07]} 13. Qd3 {[%clk 0:29:58]}  b5 {[%clk 0:29:37]} 14. axb6 {[%clk 0:27:11]}  axb6 {[%clk 0:30:05]} 15. Qc4 {[%clk 0:25:08]}  Ne6 {[%clk 0:29:29]} 16. d5 {[%clk 0:17:09]}  b5 {[%clk 0:21:18]} 17. Qd3 {[%clk 0:16:36]}  cxd5 {[%clk 0:13:52]} 18. Bxd5 {[%clk 0:12:01]}  Nc5 {[%clk 0:07:42]} 19. Bxc5 {[%clk 0:06:30]}  Rxa1 {[%clk 0:08:06]} 20. Rxa1 {[%clk 0:06:56]}  Qxc5 {[%clk 0:08:33]} 21. Bb3 {[%clk 0:06:33]}  Rc8 {[%clk 0:06:05]} 22. Nh2 {[%clk 0:04:14]}  Bd8 {[%clk 0:04:53]} 23. Nf1 {[%clk 0:04:08]}  b4 {[%clk 0:05:01]} 24. Nd5 {[%clk 0:04:27]}  Nxd5 {[%clk 0:05:26]} 25. Bxd5 {[%clk 0:04:44]}  Qxc2 {[%clk 0:04:12]} 26. Qf3 {[%clk 0:03:38]}  Bf6 {[%clk 0:03:11]} 27. Ne3 {[%clk 0:02:41]}  Qxb2 {[%clk 0:03:32]} 28. Ra7 {[%clk 0:03:02]}  Be6 {[%clk 0:02:44]} 29. Qh5 {[%clk 0:02:37]}  Rc1+ {[%clk 0:01:38]} 30. Kh2 {[%clk 0:01:01]}  Qxf2 {[%clk 0:02:02]} 0-1

[Event "45th FIDE Chess Olympiad Open"]
[Site "Budapest, Hungary"]
[Date "2024.09.20"]
[Round "9"]
[White "Fawzy, Adham"]
[Black "Lee, Junhyeok"]
[Result "1-0"]
[Board "157"]
[WhiteFideId "10613129"]
[BlackFideId "13202340"]
[WhiteTitle "GM"]
[BlackTitle "IM"]
[WhiteElo "2507"]
[BlackElo "2364"]
[WhiteTeam "Egypt"]
[BlackTeam "South Korea"]
[WhiteClock "0:14:06"]
[BlackClock "0:09:04"]
[Variant "Standard"]

1. e4 {[%clk 1:30:56]}  e5 {[%clk 1:30:49]} 2. Nf3 {[%clk 1:30:16]}  d6 {[%clk 1:31:10]} 3. d4 {[%clk 1:27:41]}  exd4 {[%clk 1:31:34]} 4. Qxd4 {[%clk 1:26:34]}  Nf6 {[%clk 1:31:53]} 5. Bb5+ {[%clk 1:24:45]}  c6 {[%clk 1:21:18]} 6. Be2 {[%clk 1:21:51]}  Be7 {[%clk 1:20:40]} 7. Nc3 {[%clk 1:21:37]}  O-O {[%clk 1:18:51]} 8. Bf4 {[%clk 1:17:21]}  Nh5 {[%clk 1:05:07]} 9. Be3 {[%clk 1:15:15]}  Nd7 {[%clk 1:00:48]} 10. Rd1 {[%clk 0:58:35]}  Qc7 {[%clk 0:39:23]} 11. Nd2 {[%clk 0:44:31]}  c5 {[%clk 0:29:21]} 12. Qa4 {[%clk 0:39:20]}  Nhf6 {[%clk 0:27:18]} 13. Nb5 {[%clk 0:33:29]}  Qb8 {[%clk 0:25:49]} 14. c4 {[%clk 0:33:30]}  Ne5 {[%clk 0:22:13]} 15. Nc3 {[%clk 0:30:40]}  Bd7 {[%clk 0:19:30]} 16. Qc2 {[%clk 0:30:50]}  a6 {[%clk 0:18:03]} 17. a4 {[%clk 0:27:10]}  Re8 {[%clk 0:17:55]} 18. O-O {[%clk 0:26:43]}  Nc6 {[%clk 0:15:33]} 19. Nb3 {[%clk 0:25:28]}  Nb4 {[%clk 0:15:12]} 20. Qd2 {[%clk 0:24:44]}  Bc6 {[%clk 0:08:40]} 21. Bf4 {[%clk 0:17:02]}  b6 {[%clk 0:09:06]} 22. f3 {[%clk 0:15:07]}  Qb7 {[%clk 0:07:49]} 23. Nc1 {[%clk 0:09:55]}  Rad8 {[%clk 0:06:35]} 24. Nd3 {[%clk 0:09:41]}  a5 {[%clk 0:06:04]} 25. b3 {[%clk 0:09:56]}  h6 {[%clk 0:04:51]} 26. Be3 {[%clk 0:09:16]}  Bf8 {[%clk 0:04:58]} 27. Nf4 {[%clk 0:09:17]}  Qc8 {[%clk 0:03:42]} 28. h4 {[%clk 0:07:32]}  Be7 {[%clk 0:03:22]} 29. Bf2 {[%clk 0:07:15]}  Bf8 {[%clk 0:03:30]} 30. g4 {[%clk 0:07:08]}  g6 {[%clk 0:02:12]} 31. Bg3 {[%clk 0:04:49]}  Bg7 {[%clk 0:01:50]} 32. Kh2 {[%clk 0:04:50]}  Nd7 {[%clk 0:00:59]} 33. Ng2 {[%clk 0:03:46]}  Ne5 {[%clk 0:00:50]} 34. Ne3 {[%clk 0:04:01]}  Bb7 {[%clk 0:00:51]} 35. Ncd5 {[%clk 0:03:27]}  Bxd5 {[%clk 0:00:34]} 36. cxd5 {[%clk 0:03:56]}  Qc7 {[%clk 0:00:34]} 37. Bb5 {[%clk 0:03:02]}  Re7 {[%clk 0:00:39]} 38. Rde1 {[%clk 0:02:18]}  Nd7 {[%clk 0:00:40]} 39. Nc4 {[%clk 0:01:50]}  Ne5 {[%clk 0:00:38]} 40. Ne3 {[%clk 0:02:07]}  Nd7 {[%clk 0:00:49]} 41. Nc4 {[%clk 0:29:01]}  Ne5 {[%clk 0:28:47]} 42. Bxe5 {[%clk 0:27:25]}  Bxe5+ {[%clk 0:28:29]} 43. f4 {[%clk 0:27:22]}  Bd4 {[%clk 0:28:12]} 44. f5 {[%clk 0:27:11]}  Kh7 {[%clk 0:26:19]} 45. Kh3 {[%clk 0:22:18]}  Rg8 {[%clk 0:21:19]} 46. e5 {[%clk 0:21:26]}  Nxd5 {[%clk 0:19:46]} 47. exd6 {[%clk 0:19:56]}  Rxe1 {[%clk 0:20:08]} 48. Qxe1 {[%clk 0:19:19]}  Qd8 {[%clk 0:18:23]} 49. fxg6+ {[%clk 0:18:46]}  fxg6 {[%clk 0:18:35]} 50. Qe6 {[%clk 0:17:11]}  Nf6 {[%clk 0:16:15]} 51. Qe7+ {[%clk 0:15:16]}  Kh8 {[%clk 0:16:37]} 52. Ne5 {[%clk 0:13:24]}  Qxe7 {[%clk 0:15:39]} 53. dxe7 {[%clk 0:13:42]}  Bxe5 {[%clk 0:16:02]} 54. g5 {[%clk 0:14:07]}  hxg5 {[%clk 0:15:16]} 55. hxg5 {[%clk 0:14:27]}  Ne4 {[%clk 0:09:04]} 56. Rf8 {[%clk 0:14:06]} 1-0

[Event "45th FIDE Chess Olympiad Open"]
[Site "Budapest, Hungary"]
[Date "2024.09.20"]
[Round "9"]
[White "Ahn, Hongjin"]
[Black "Wageih, Kareim"]
[Result "1-0"]
[Board "158"]
[WhiteFideId "13201492"]
[BlackFideId "10604561"]
[WhiteTitle "IM"]
[BlackTitle "IM"]
[WhiteElo "2251"]
[BlackElo "2402"]
[WhiteTeam "South Korea"]
[BlackTeam "Egypt"]
[WhiteClock "0:03:39"]
[BlackClock "0:02:03"]
[Variant "Standard"]

1. e4 {[%clk 1:30:56]}  c5 {[%clk 1:30:53]} 2. Nf3 {[%clk 1:30:06]}  e6 {[%clk 1:31:19]} 3. d4 {[%clk 1:30:32]}  cxd4 {[%clk 1:31:45]} 4. Nxd4 {[%clk 1:30:59]}  Nc6 {[%clk 1:32:09]} 5. Nc3 {[%clk 1:31:26]}  Qc7 {[%clk 1:32:34]} 6. Be3 {[%clk 1:31:52]}  a6 {[%clk 1:32:59]} 7. a3 {[%clk 1:32:19]}  b5 {[%clk 1:26:41]} 8. Nxc6 {[%clk 1:32:38]}  Qxc6 {[%clk 1:18:31]} 9. h4 {[%clk 1:33:02]}  Bb7 {[%clk 1:15:54]} 10. h5 {[%clk 1:32:47]}  h6 {[%clk 1:12:10]} 11. Bd3 {[%clk 1:19:28]}  Nf6 {[%clk 1:09:45]} 12. Qf3 {[%clk 1:09:59]}  Qc7 {[%clk 1:04:07]} 13. g4 {[%clk 0:55:32]}  Bc5 {[%clk 0:52:17]} 14. Bd2 {[%clk 0:45:50]}  d6 {[%clk 0:38:15]} 15. Qg3 {[%clk 0:37:06]}  Nd7 {[%clk 0:35:52]} 16. Ne2 {[%clk 0:34:26]}  Ne5 {[%clk 0:33:57]} 17. Bc3 {[%clk 0:34:13]}  Bc6 {[%clk 0:24:33]} 18. Nd4 {[%clk 0:28:21]}  Nxd3+ {[%clk 0:22:27]} 19. cxd3 {[%clk 0:25:55]}  Bxd4 {[%clk 0:18:59]} 20. Bxd4 {[%clk 0:26:23]}  e5 {[%clk 0:19:19]} 21. Bc3 {[%clk 0:26:39]}  Qe7 {[%clk 0:14:33]} 22. Rc1 {[%clk 0:24:10]}  Bd7 {[%clk 0:14:06]} 23. Ke2 {[%clk 0:17:33]}  Qe6 {[%clk 0:12:35]} 24. f3 {[%clk 0:15:03]}  f6 {[%clk 0:13:04]} 25. Qf2 {[%clk 0:13:51]}  O-O {[%clk 0:11:34]} 26. Qe1 {[%clk 0:11:09]}  d5 {[%clk 0:11:22]} 27. Qd2 {[%clk 0:09:45]}  Bc6 {[%clk 0:07:07]} 28. Bb4 {[%clk 0:06:15]}  Rfd8 {[%clk 0:07:12]} 29. Qc2 {[%clk 0:06:18]}  Bb7 {[%clk 0:05:38]} 30. Ba5 {[%clk 0:04:59]}  dxe4 {[%clk 0:03:18]} 31. dxe4 {[%clk 0:05:26]}  Rd4 {[%clk 0:03:19]} 32. Kf2 {[%clk 0:01:21]}  Rc8 {[%clk 0:01:30]} 33. Qe2 {[%clk 0:01:41]}  Qb3 {[%clk 0:00:47]} 34. Rxc8+ {[%clk 0:01:44]}  Bxc8 {[%clk 0:01:17]} 35. Rc1 {[%clk 0:01:48]}  Be6 {[%clk 0:01:12]} 36. Qc2 {[%clk 0:01:40]}  Qa2 {[%clk 0:00:40]} 37. Qc6 {[%clk 0:01:15]}  Qxb2+ {[%clk 0:00:37]} 38. Rc2 {[%clk 0:01:31]}  Qb3 {[%clk 0:01:06]} 39. Qe8+ {[%clk 0:01:36]}  Kh7 {[%clk 0:01:11]} 40. Rc7 {[%clk 0:00:52]}  Bd7 {[%clk 0:00:33]} 41. Rxd7 {[%clk 0:00:49]}  Qa2+ {[%clk 0:00:32]} 42. Kg3 {[%clk 0:00:58]}  Rxd7 {[%clk 0:00:38]} 43. Qxd7 {[%clk 0:01:21]}  Qxa3 {[%clk 0:30:07]} 44. Qf5+ {[%clk 0:29:30]}  Kh8 {[%clk 0:28:17]} 45. Qc8+ {[%clk 0:21:30]}  Kh7 {[%clk 0:28:19]} 46. Bd2 {[%clk 0:09:36]}  Qa1 {[%clk 0:12:39]} 47. Qf5+ {[%clk 0:05:26]}  Kh8 {[%clk 0:13:07]} 48. Be3 {[%clk 0:04:44]}  Qe1+ {[%clk 0:12:45]} 49. Bf2 {[%clk 0:05:07]}  Qc3 {[%clk 0:04:50]} 50. g5 {[%clk 0:04:59]}  hxg5 {[%clk 0:02:53]} 51. h6 {[%clk 0:05:13]}  Qc6 {[%clk 0:02:58]} 52. Qg6 {[%clk 0:05:11]}  gxh6 {[%clk 0:03:04]} 53. Be3 {[%clk 0:04:30]}  b4 {[%clk 0:01:19]} 54. Qxh6+ {[%clk 0:03:47]}  Kg8 {[%clk 0:01:49]} 55. Qg6+ {[%clk 0:04:09]}  Kf8 {[%clk 0:01:07]} 56. Bxg5 {[%clk 0:04:31]}  Ke7 {[%clk 0:00:44]} 57. Qg7+ {[%clk 0:04:48]}  Ke8 {[%clk 0:00:59]} 58. Bxf6 {[%clk 0:04:37]}  Qc5 {[%clk 0:01:22]} 59. Bxe5 {[%clk 0:02:59]}  Qg1+ {[%clk 0:01:48]} 60. Kf4 {[%clk 0:03:21]}  Qc1+ {[%clk 0:02:03]} 61. Kf5 {[%clk 0:03:39]} 1-0

[Event "45th FIDE Chess Olympiad Open"]
[Site "Budapest, Hungary"]
[Date "2024.09.20"]
[Round "9"]
[White "Wafa, Hamed"]
[Black "Lee, Kyungseok"]
[Result "1-0"]
[Board "159"]
[WhiteFideId "10628452"]
[BlackFideId "13202154"]
[WhiteTitle "IM"]
[WhiteElo "2368"]
[BlackElo "2044"]
[WhiteTeam "Egypt"]
[BlackTeam "South Korea"]
[WhiteClock "1:07:33"]
[BlackClock "0:26:50"]
[Variant "Standard"]

1. e4 {[%clk 1:30:57]}  e5 {[%clk 1:30:28]} 2. Nf3 {[%clk 1:31:20]}  Nc6 {[%clk 1:30:36]} 3. Bb5 {[%clk 1:31:24]}  Nf6 {[%clk 1:30:37]} 4. d3 {[%clk 1:30:42]}  Bc5 {[%clk 1:28:34]} 5. Bxc6 {[%clk 1:30:47]}  dxc6 {[%clk 1:28:36]} 6. h3 {[%clk 1:30:57]}  Qe7 {[%clk 1:23:36]} 7. Nbd2 {[%clk 1:30:43]}  Nd7 {[%clk 1:20:51]} 8. O-O {[%clk 1:27:52]}  Nf8 {[%clk 1:12:07]} 9. Nc4 {[%clk 1:25:01]}  Ng6 {[%clk 1:11:30]} 10. Be3 {[%clk 1:24:27]}  Bd6 {[%clk 1:10:44]} 11. d4 {[%clk 1:20:43]}  Be6 {[%clk 0:57:42]} 12. Ncxe5 {[%clk 1:18:30]}  Bxe5 {[%clk 0:57:18]} 13. dxe5 {[%clk 1:10:23]}  Bc4 {[%clk 0:56:30]} 14. Re1 {[%clk 1:04:27]}  Nxe5 {[%clk 0:45:03]} 15. Nd2 {[%clk 1:04:29]}  Ba6 {[%clk 0:39:24]} 16. f4 {[%clk 1:03:26]}  Nd7 {[%clk 0:38:13]} 17. Qf3 {[%clk 1:02:33]}  O-O-O {[%clk 0:37:13]} 18. a4 {[%clk 1:01:01]}  b6 {[%clk 0:20:03]} 19. a5 {[%clk 0:57:58]}  Bb7 {[%clk 0:19:01]} 20. axb6 {[%clk 0:57:11]}  axb6 {[%clk 0:18:40]} 21. Ra7 {[%clk 0:56:14]}  Nf6 {[%clk 0:16:59]} 22. c4 {[%clk 0:50:40]}  Qb4 {[%clk 0:16:20]} 23. e5 {[%clk 0:48:40]}  Nd7 {[%clk 0:16:16]} 24. Rea1 {[%clk 0:46:23]}  Nc5 {[%clk 0:15:53]} 25. Ne4 {[%clk 0:46:31]}  Nxe4 {[%clk 0:14:24]} 26. Qxe4 {[%clk 0:46:59]}  g6 {[%clk 0:14:29]} 27. Qc2 {[%clk 0:46:19]}  Kb8 {[%clk 0:08:37]} 28. R7a4 {[%clk 0:46:02]}  Qe7 {[%clk 0:07:02]} 29. c5 {[%clk 0:46:22]}  Rd5 {[%clk 0:06:00]} 30. cxb6 {[%clk 0:43:56]}  cxb6 {[%clk 0:06:13]} 31. Bxb6 {[%clk 0:43:48]}  Rb5 {[%clk 0:04:04]} 32. Ba7+ {[%clk 0:43:08]}  Kc8 {[%clk 0:04:08]} 33. Rc4 {[%clk 0:43:18]}  Qe6 {[%clk 0:03:31]} 34. b4 {[%clk 0:41:03]}  Rd8 {[%clk 0:03:26]} 35. Bc5 {[%clk 0:41:18]}  Rd5 {[%clk 0:02:50]} 36. Bd6 {[%clk 0:41:26]}  Kd7 {[%clk 0:02:48]} 37. Ra7 {[%clk 0:41:14]}  Rd2 {[%clk 0:02:26]} 38. Qxd2 {[%clk 0:40:34]}  Qxc4 {[%clk 0:02:50]} 39. Bc5+ {[%clk 0:40:39]}  Ke6 {[%clk 0:01:51]} 40. Qd6+ {[%clk 0:40:51]}  Kf5 {[%clk 0:01:58]} 41. Ra1 {[%clk 0:40:13]}  Qc3 {[%clk 0:26:50]} 42. Rd1 {[%clk 1:07:33]} 1-0

[Event "45th FIDE Chess Olympiad Open"]
[Site "Budapest, Hungary"]
[Date "2024.09.20"]
[Round "9"]
[White "Huh, Isaak"]
[Black "Sadek, Sameh"]
[Result "0-1"]
[Board "160"]
[WhiteFideId "13209590"]
[BlackFideId "10602771"]
[BlackTitle "FM"]
[WhiteElo "2114"]
[BlackElo "2269"]
[WhiteTeam "South Korea"]
[BlackTeam "Egypt"]
[WhiteClock "0:02:02"]
[BlackClock "0:32:33"]
[Variant "Standard"]

1. e4 {[%clk 1:30:34]}  e5 {[%clk 1:30:58]} 2. Nf3 {[%clk 1:31:01]}  Nc6 {[%clk 1:31:18]} 3. Bb5 {[%clk 1:31:28]}  a6 {[%clk 1:31:40]} 4. Ba4 {[%clk 1:31:55]}  Nf6 {[%clk 1:31:47]} 5. d3 {[%clk 1:32:21]}  d6 {[%clk 1:32:06]} 6. c3 {[%clk 1:32:45]}  Bd7 {[%clk 1:32:08]} 7. O-O {[%clk 1:32:28]}  g6 {[%clk 1:32:31]} 8. Re1 {[%clk 1:32:33]}  Bg7 {[%clk 1:32:59]} 9. Nbd2 {[%clk 1:32:34]}  O-O {[%clk 1:33:19]} 10. h3 {[%clk 1:28:07]}  Nh5 {[%clk 1:21:44]} 11. Nf1 {[%clk 1:22:23]}  Qe8 {[%clk 1:18:41]} 12. Bc2 {[%clk 1:05:01]}  f5 {[%clk 1:08:13]} 13. Bb3+ {[%clk 1:01:13]}  Kh8 {[%clk 1:08:02]} 14. exf5 {[%clk 0:57:46]}  gxf5 {[%clk 1:08:18]} 15. Ng5 {[%clk 0:55:18]}  Qg6 {[%clk 1:03:29]} 16. f4 {[%clk 0:49:46]}  Bf6 {[%clk 0:56:14]} 17. Nf3 {[%clk 0:41:00]}  exf4 {[%clk 0:55:35]} 18. a3 {[%clk 0:37:32]}  Rae8 {[%clk 0:54:55]} 19. Bd2 {[%clk 0:26:41]}  Ne5 {[%clk 0:54:49]} 20. d4 {[%clk 0:24:52]}  Nf7 {[%clk 0:44:48]} 21. Rxe8 {[%clk 0:15:35]}  Rxe8 {[%clk 0:43:29]} 22. Be1 {[%clk 0:15:09]}  Bb5 {[%clk 0:41:07]} 23. c4 {[%clk 0:13:51]}  Bc6 {[%clk 0:41:17]} 24. d5 {[%clk 0:12:29]}  Bd7 {[%clk 0:41:33]} 25. Nh4 {[%clk 0:07:55]}  Qg5 {[%clk 0:40:44]} 26. Nf3 {[%clk 0:06:00]}  Qg7 {[%clk 0:40:35]} 27. Bh4 {[%clk 0:03:25]}  Bxb2 {[%clk 0:38:08]} 28. Ra2 {[%clk 0:03:52]}  Ng3 {[%clk 0:36:13]} 29. Bxg3 {[%clk 0:02:56]}  fxg3 {[%clk 0:33:31]} 30. Nxg3 {[%clk 0:02:04]}  Qxg3 {[%clk 0:32:45]} 31. Rxb2 {[%clk 0:02:28]}  f4 {[%clk 0:33:04]} 32. Qd4+ {[%clk 0:00:43]}  Kg8 {[%clk 0:32:46]} 33. Bc2 {[%clk 0:00:34]}  Ng5 {[%clk 0:32:25]} 34. Bxh7+ {[%clk 0:00:38]}  Nxh7 {[%clk 0:32:25]} 35. h4 {[%clk 0:00:53]}  Bg4 {[%clk 0:32:09]} 36. Qf2 {[%clk 0:00:43]}  Bxf3 {[%clk 0:31:56]} 37. Qxg3+ {[%clk 0:01:06]}  fxg3 {[%clk 0:32:19]} 38. gxf3 {[%clk 0:01:33]}  Nf6 {[%clk 0:31:08]} 39. Rxb7 {[%clk 0:01:42]}  Nh5 {[%clk 0:31:24]} 40. Rb2 {[%clk 0:01:08]}  Nf4 {[%clk 0:31:44]} 41. Kf1 {[%clk 0:01:25]}  Re3 {[%clk 0:31:56]} 42. h5 {[%clk 0:01:43]}  Rxa3 {[%clk 0:32:09]} 43. h6 {[%clk 0:02:02]}  Ra1+ {[%clk 0:32:33]} 0-1

[Event "45th FIDE Chess Olympiad Open"]
[Site "Budapest, Hungary"]
[Date "2024.09.20"]
[Round "9"]
[White "Rakotomaharo, Fy Antenaina"]
[Black "Kantor, Gergely"]
[Result "0-1"]
[Board "161"]
[WhiteFideId "13100050"]
[BlackFideId "751499"]
[WhiteTitle "IM"]
[BlackTitle "GM"]
[WhiteElo "2440"]
[BlackElo "2537"]
[WhiteTeam "Madagascar"]
[BlackTeam "Hungary C"]
[WhiteClock "0:00:32"]
[BlackClock "0:19:14"]
[Variant "Standard"]

1. e4 {[%clk 1:30:56]}  e5 {[%clk 1:30:58]} 2. Nf3 {[%clk 1:31:14]}  Nc6 {[%clk 1:31:26]} 3. Bc4 {[%clk 1:31:11]}  Nf6 {[%clk 1:31:53]} 4. d3 {[%clk 1:31:36]}  Bc5 {[%clk 1:32:21]} 5. Bg5 {[%clk 1:31:54]}  h6 {[%clk 1:32:38]} 6. Bh4 {[%clk 1:32:17]}  Be7 {[%clk 1:33:00]} 7. Bg3 {[%clk 1:32:30]}  d6 {[%clk 1:33:22]} 8. a4 {[%clk 1:32:57]}  Be6 {[%clk 1:33:32]} 9. Nbd2 {[%clk 1:32:38]}  g5 {[%clk 1:32:05]} 10. h3 {[%clk 1:13:45]}  Qd7 {[%clk 1:32:13]} 11. c3 {[%clk 1:14:00]}  O-O-O {[%clk 1:29:44]} 12. b4 {[%clk 1:09:32]}  h5 {[%clk 1:21:05]} 13. Nxg5 {[%clk 0:47:33]}  Bxc4 {[%clk 1:19:50]} 14. Nxc4 {[%clk 0:47:13]}  h4 {[%clk 1:17:38]} 15. Bh2 {[%clk 0:46:18]}  Rdg8 {[%clk 1:16:57]} 16. Nf3 {[%clk 0:39:35]}  Rxg2 {[%clk 1:16:16]} 17. b5 {[%clk 0:39:42]}  Nd8 {[%clk 1:15:12]} 18. Ne3 {[%clk 0:40:06]}  Rgg8 {[%clk 1:09:42]} 19. Nf5 {[%clk 0:40:25]}  Ne6 {[%clk 1:07:20]} 20. N3xh4 {[%clk 0:23:10]}  Nxe4 {[%clk 0:44:32]} 21. dxe4 {[%clk 0:20:41]}  Bxh4 {[%clk 0:44:16]} 22. Qd5 {[%clk 0:21:00]}  Nc5 {[%clk 0:31:43]} 23. Ke2 {[%clk 0:01:17]}  Rg2 {[%clk 0:30:03]} 24. Bg3 {[%clk 0:01:13]}  Bxg3 {[%clk 0:29:48]} 25. Nxg3 {[%clk 0:01:38]}  Ne6 {[%clk 0:29:31]} 26. Qa2 {[%clk 0:00:32]}  Nf4+ {[%clk 0:27:17]} 27. Ke3 {[%clk 0:00:32]}  Rxh3 {[%clk 0:26:09]} 28. Rxh3 {[%clk 0:00:37]}  Qxh3 {[%clk 0:26:00]} 29. Kf3 {[%clk 0:00:32]}  Nd3 {[%clk 0:19:14]} 0-1